1909 1302 1810 1055 1569 1338 1031 1062 1172 1155 1517 1028 1979 1025 1438 1301 1266 1164 1294 2000 1975 1975 1618 1968 1617 1570 1252 1739 1514 1071 1157 1297 1976 1499 1682 1133 1837 1664 1146 1244 1754 1897 1411 1237 1401 1877 1681 1982 1636 1927 1980 1975 1169 1271 1268 1078 1328 1028 1612 1665 1575 1571 1715 1912 1032 1668 1900 1828 1279 1383 1614 1570 1438 1681 1865 1061 1887 1695 1184 1952 1446 1228 1260 1413 1155 1087 1258 1710 1256 1746 1737 1561 1440 1224 1863 1840 1795 1654 1123 BCNSPRNW ULIB Ver.6.0+V

เปลี่ยนเป็นภาษาไทย

Change to English
 แสดงรายละเอียดบรรณานุกรม
  กลับหน้าหลัก

Brief Record : Get Marc (ISO 2709) : E-mail record : QR code < ปิดหน้าต่าง
LEADER : 00000nam 2200000uu 4500
001    13399122323
003     ULIB
008    130212s2555||||th 000 0 tha d
020    ^a9786162231674
060 04 ^aWS100^bส875ห
110 1  ^aมหาวิทยาลัยขอนแก่น. ^bคณะแพทยศาสตร์.^bภาควิชากุมารเวชศาสตร์
245 10 ^aหัตถการในเด็ก ^b=Pediatric Procedures /^cบรรณาธิการ ; สุวรรณี วิษณุโยธิน,รสวันต์ อารีมิตร,กุณฑล วิชาจารย์
246 31 ^aPediatric Procedures
250    ^aพิมพ์ครั้งที่ 1
260    ^aขอนแก่น :^bภาควิชากุมารเวชศาสตร์ คณะแพทยศาสตร์ มหาวิทยาลัยขอนแก่น,^c2555
300    ^aviii, 251 หน้า
650  7 ^aการรักษาโรค^xในวัยทารกและเด็ก
650  7 ^aเด็ก, โรค
650  7 ^aหัตถการ^xเด็ก
700 0  ^aรสวันต์ อารีมิตร,^eบรรณาธิการ
700 0  ^aกุณฑล วิชาจารย์,^eบรรณาธิการ
945    ^p185^l0^i033556
945    ^p185^l0^i033557
945    ^p185^l0^i033575
945    ^p185^l0^i033558
945    ^p185^l0^i033559
945    ^p185^l0^i033560
945    ^p185^l0^i033561
999    ^a เกษร
รายการนี้ยังไม่มีแท็ก
คุณยังไม่ได้ล็อกอิน คุณสามารถมีกิจกรรมร่วมกับเว็บไซต์ได้ แต่ต้องล็อกอินก่อน ::
  ล็อกอิน

รายการสื่อสารสนเทศ

ลำดับที่ ประเภท เลขเรียก/บาร์โค้ด สถานที่ สถานะ
1. วิทยาศาสตร์การแพทย์ และสุขภาพ
หนังสือสำรอง
สถานะ=หนังสือสำรอง
WS100 ส875ห ฉ.1 
  Barcode: 033556
ห้องสมุดวิทยาเขตสวรรค์ประชารักษ์
►ส่วนจัดเก็บหนังสือเก่า สปร
บนชั้น
  ขอยืม
2. วิทยาศาสตร์การแพทย์ และสุขภาพ
วิทยาศาสตร์การแพทย์ และสุขภาพ
WS100 ส875ห ฉ.2 
  Barcode: 033557
ห้องสมุดวิทยาเขตสวรรค์ประชารักษ์
►ส่วนจัดเก็บหนังสือเก่า สปร
บนชั้น
  ขอยืม
3. วิทยาศาสตร์การแพทย์ และสุขภาพ
วิทยาศาสตร์การแพทย์ และสุขภาพ
WS100 ส875ห ฉ.3 
  Barcode: 033575
ห้องสมุดวิทยาเขตสวรรค์ประชารักษ์
►ส่วนจัดเก็บหนังสือเก่า สปร
บนชั้น
  ขอยืม
4. วิทยาศาสตร์การแพทย์ และสุขภาพ
วิทยาศาสตร์การแพทย์ และสุขภาพ
WS100 ส875ห ฉ.4 
  Barcode: 033558
ห้องสมุดวิทยาเขตสวรรค์ประชารักษ์
►ส่วนจัดเก็บหนังสือเก่า สปร
บนชั้น
  ขอยืม
5. วิทยาศาสตร์การแพทย์ และสุขภาพ
วิทยาศาสตร์การแพทย์ และสุขภาพ
WS100 ส875ห ฉ.5 
  Barcode: 033559
ห้องสมุดวิทยาเขตสวรรค์ประชารักษ์
►ส่วนจัดเก็บหนังสือเก่า สปร
บนชั้น
  ขอยืม
6. วิทยาศาสตร์การแพทย์ และสุขภาพ
วิทยาศาสตร์การแพทย์ และสุขภาพ
WS100 ส875ห ฉ.6 
  Barcode: 033560
ห้องสมุดวิทยาเขตสวรรค์ประชารักษ์
►ส่วนจัดเก็บหนังสือเก่า สปร
บนชั้น
  ขอยืม
7. วิทยาศาสตร์การแพทย์ และสุขภาพ
วิทยาศาสตร์การแพทย์ และสุขภาพ
WS100 ส875ห ฉ.7 
  Barcode: 033561
ห้องสมุดวิทยาเขตสวรรค์ประชารักษ์
►ส่วนจัดเก็บหนังสือเก่า สปร
บนชั้น
  ขอยืม

รายการใกล้เคียง
    หัวเรื่อง [เด็ก, โรค]

BibComment


ยังไม่เคยถูกคอมเมนท์

คอมเมนท์ทรัพยากรรายการนี้
  คอมเมนท์: หัตถการในเด็ก P..


 Copyright 2026. Bcnsprnw @Library